[Event "V Festival A"]
[Site "Roseto degli Abruzzi ITA"]
[Date "2014.01.04"]
[Round "2"]
[White "Dobboletta, Alex"]
[Black "Bentivegna, Francesco"]
[WhiteElo "2056"]
[BlackElo "2302"]
[Result "0-1"]
[PlyCount "86"]
[EventDate "2014.01.03"]

1. Nf3 Nc6 2. d4 d5 3. b3 Bg4 4. e3 e5 5. dxe5 Nxe5 6. Be2 Bxf3 7. Bxf3 Qf6 8.
c3 Nxf3+ 9. Qxf3 Qxf3 10. gxf3 Nf6 11. Ba3 O-O-O 12. Ke2 c5 13. Rd1 Bd6 14. Nd2
b6 15. h3 Rhe8 16. Rac1 Kb7 17. Bb2 Nh5 18. Kf1 Be5 19. f4 Bf6 20. Nf3 g6 21.
Ng5 Bxg5 22. fxg5 Re5 23. c4 Rxg5 24. Rd3 d4 25. exd4 cxd4 26. Rxd4 Rxd4 27.
Bxd4 Nf4 28. Re1 Ne6 29. Be3 Re5 30. Rd1 Kc6 31. b4 Re4 32. Rc1 f5 33. b5+ Kd6
34. Rd1+ Kc7 35. Rc1 f4 36. Bd2 Nd4 37. Re1 Nf3 38. Re2 Rd4 39. Re7+ Kd8 40.
Bb4 Rxc4 41. Bd6 Rd4 42. Ba3 Rd7 43. Re4 Nd2+ 0-1

[Event "V Festival A"]
[Site "Roseto degli Abruzzi ITA"]
[Date "2014.01.04"]
[Round "2"]
[White "Gueci, Tea"]
[Black "Sibilio, Mario"]
[WhiteElo "2062"]
[BlackElo "2327"]
[Result "0-1"]
[PlyCount "80"]
[EventDate "2014.01.03"]

1. e4 d6 2. d4 Nf6 3. Nc3 Nc6 4. Nf3 Bg4 5. Be2 e5 6. d5 Bxf3 7. Bxf3 Nd4 8.
Be3 Nxf3+ 9. Qxf3 Be7 10. O-O-O a6 11. g4 Nd7 12. Ne2 g6 13. Kb1 h6 14. Nc1 Bg5
15. Nd3 Qf6 16. Qg3 h5 17. h3 h4 18. Bxg5 Qxg5 19. Qf3 a5 20. Rhe1 O-O 21. Qe3
Qxe3 22. Rxe3 Kg7 23. f4 exf4 24. Nxf4 Rae8 25. c3 Re7 26. Rd4 Rfe8 27. b4 axb4
28. Rxb4 b6 29. Kc2 Nc5 30. Rc4 Kh6 31. Ng2 Kg5 32. Ne1 Rxe4 33. Rcxe4 Rxe4 34.
Kd2 b5 35. Ke2 Kf4 36. Ng2+ Ke5 37. Kf3 g5 38. Rxe4+ Nxe4 39. Ne3 Nxc3 40. a3
Nxd5 0-1

[Event "V Festival A"]
[Site "Roseto degli Abruzzi ITA"]
[Date "2014.01.04"]
[Round "2"]
[White "Marholev, Dimitar"]
[Black "Lodici, Lorenzo"]
[WhiteElo "2321"]
[BlackElo "2097"]
[Result "1-0"]
[PlyCount "69"]
[EventDate "2014.01.03"]

1. e4 c5 2. Nc3 a6 3. a4 Nc6 4. g3 g6 5. Bg2 Bg7 6. d3 e6 7. f4 Nge7 8. Nf3 O-O
9. O-O d5 10. e5 Rb8 11. Ne2 b5 12. axb5 axb5 13. d4 Qb6 14. Be3 c4 15. g4 Bd7
16. Qd2 Ra8 17. Ng3 b4 18. Bh3 Rxa1 19. Rxa1 Rc8 20. f5 exf5 21. gxf5 Nxf5 22.
Bxf5 Bxf5 23. Nxf5 gxf5 24. Kh1 Kh8 25. Bh6 Ne7 26. Bxg7+ Kxg7 27. Qg5+ Ng6 28.
Nh4 Qe6 29. Nxf5+ Kh8 30. Ra7 Rf8 31. Re7 Qa6 32. e6 Qa1+ 33. Kg2 Nf4+ 34. Qxf4
Rg8+ 35. Ng3 1-0

[Event "V Festival A"]
[Site "Roseto degli Abruzzi ITA"]
[Date "2014.01.04"]
[Round "2"]
[White "Milchev, Nikolay"]
[Black "Viviani, Alessio"]
[WhiteElo "2457"]
[BlackElo "2112"]
[Result "1/2-1/2"]
[PlyCount "103"]
[EventDate "2014.01.03"]

1. Nf3 c5 2. c4 g6 3. e3 Nf6 4. Nc3 Bg7 5. d4 cxd4 6. Nxd4 O-O 7. Be2 Nc6 8.
O-O d5 9. Nb3 dxc4 10. Bxc4 Qc7 11. Be2 Rd8 12. Bd2 Be6 13. Nb5 Qb6 14. N3d4
Ne4 15. Bc1 Nxd4 16. Nxd4 Bxd4 17. exd4 Qxd4 18. Qxd4 Rxd4 19. Be3 Rdd8 20.
Rfc1 Rdc8 21. Bf3 Nd6 22. b3 a5 23. Bc5 a4 24. b4 Rab8 25. a3 b6 26. Bd4 Rxc1+
27. Rxc1 Nc4 28. b5 Nxa3 29. Be2 Bd7 30. Be5 Rc8 31. Rxc8+ Bxc8 32. Bc7 Bd7 33.
Bxb6 Bxb5 34. Bc5 Bxe2 35. Bxa3 e5 36. f3 f6 37. Kf2 Bb5 38. Ke3 Kf7 39. f4
exf4+ 40. Kxf4 Ke6 41. Bb2 g5+ 42. Ke3 f5 43. Kd4 f4 44. g3 Kf5 45. gxf4 gxf4
46. Ba3 Kg4 47. Bd6 Kf3 48. Ke5 Kg2 49. Kxf4 Kxh2 50. Ke3+ Kg2 51. Kd4 h5 52.
Ke4 1/2-1/2

[Event "V Festival A"]
[Site "Roseto degli Abruzzi ITA"]
[Date "2014.01.04"]
[Round "2"]
[White "Patelli, Alessandro"]
[Black "Gilevych, Artem"]
[WhiteElo "2186"]
[BlackElo "2353"]
[Result "1-0"]
[PlyCount "85"]
[EventDate "2014.01.03"]

1. d4 d5 2. c4 c6 3. Nf3 e6 4. Nc3 f5 5. g3 Nf6 6. Bg2 Be7 7. O-O O-O 8. b3 Qe8
9. e3 Nbd7 10. Ne2 Kh8 11. Nf4 Bd6 12. cxd5 exd5 13. Nd3 Ng4 14. Bd2 a5 15. Qe1
b6 16. Qb1 Ba6 17. Rc1 Rc8 18. a3 Ndf6 19. b4 a4 20. h3 Ne4 21. Be1 Nxg3 22.
fxg3 Qxe3+ 23. Nf2 Bxg3 24. Qb2 Nf6 25. Qc3 Qe8 26. Nd3 Ne4 27. Qc2 Bd6 28. Bf2
g5 29. Nfe5 c5 30. bxc5 bxc5 31. Qd1 Nxf2 32. Nxf2 Bxe5 33. dxe5 d4 34. Qe1 Qe6
35. Qa5 c4 36. Rab1 d3 37. Rb6 Qe7 38. Rxa6 Qxa3 39. Qc3 Qc5 40. e6+ Kg8 41.
Bd5 d2 42. Qxd2 Kg7 43. Rxc4 1-0

[Event "V Festival A"]
[Site "Roseto degli Abruzzi ITA"]
[Date "2014.01.04"]
[Round "2"]
[White "Pescatore, Lorenzo"]
[Black "Buiano, Fabio"]
[WhiteElo "2238"]
[BlackElo "2034"]
[Result "1/2-1/2"]
[PlyCount "65"]
[EventDate "2014.01.03"]

1. e4 c5 2. c3 b6 3. d4 Bb7 4. dxc5 Bxe4 5. cxb6 axb6 6. Nf3 Nf6 7. Nbd2 Bb7 8.
Nc4 d6 9. Bg5 Nbd7 10. Be2 g6 11. Bxf6 Nxf6 12. Ne3 Bg7 13. Bb5+ Kf8 14. O-O h6
15. a4 Kg8 16. Nd4 Qc7 17. Be2 Kh7 18. Bf3 d5 19. Nb5 Qd7 20. c4 Rhd8 21. cxd5
Rac8 22. Nc3 h5 23. Qb3 Qd6 24. Nc4 Qf4 25. Nxb6 Rb8 26. h3 g5 27. Ne2 Qe5 28.
Qd3+ Kg8 29. g3 g4 30. hxg4 hxg4 31. Bg2 Nxd5 32. Nxd5 Bxd5 33. Bxd5 1/2-1/2

[Event "V Festival A"]
[Site "Roseto degli Abruzzi ITA"]
[Date "2014.01.04"]
[Round "2"]
[White "Scalcione, Michelangelo"]
[Black "Baltzopoulos, Giorgos"]
[WhiteElo "2335"]
[BlackElo "1977"]
[Result "0-1"]
[PlyCount "70"]
[EventDate "2014.01.03"]

1. Nf3 d5 2. d4 Nf6 3. c4 c6 4. Nc3 e6 5. Qb3 Nbd7 6. Bg5 Qa5 7. cxd5 exd5 8.
e3 Ne4 9. Bd3 Bb4 10. Rc1 O-O 11. O-O Re8 12. Bf4 Bd6 13. Nxe4 Bxf4 14. Nc5 Bh6
15. Nxb7 Qc7 16. Nc5 Nf6 17. Ne5 Rb8 18. Qc3 g6 19. h3 Bf8 20. Nb3 Rb6 21. Nxc6
Bd6 22. Ne5 Qe7 23. Nf3 Nh5 24. Nc5 Qf6 25. Be2 Nf4 26. Bd1 Nxh3+ 27. gxh3 Bxh3
28. Qd3 Bf5 29. Qe2 Re4 30. Nxe4 dxe4 31. Qc4 exf3 32. Bxf3 Qh4 33. Rfe1 Rxb2
34. Re2 Qh2+ 35. Kf1 Bh3+ 0-1

[Event "V Festival A"]
[Site "Roseto degli Abruzzi ITA"]
[Date "2014.01.04"]
[Round "3"]
[White "Baltzopoulos, Giorgos"]
[Black "Marholev, Dimitar"]
[WhiteElo "1977"]
[BlackElo "2321"]
[Result "0-1"]
[PlyCount "106"]
[EventDate "2014.01.03"]

1. d4 Nf6 2. c4 c5 3. d5 e6 4. Nc3 exd5 5. cxd5 d6 6. Nf3 g6 7. Nd2 a6 8. a4
Nbd7 9. e4 Bg7 10. Be2 O-O 11. f4 Re8 12. O-O Rb8 13. Kh1 Nb6 14. a5 Na8 15. e5
dxe5 16. fxe5 Rxe5 17. Nc4 Rf5 18. Bf4 Nc7 19. Nb6 Bd7 20. Qd2 Nh5 21. Nxd7
Qxd7 22. Bg4 Nxf4 23. Bxf5 Qxf5 24. Qxf4 Qxf4 25. Rxf4 Rd8 26. Raf1 f5 27. Rc4
Bd4 28. Rb1 Nb5 29. Na4 Rxd5 30. g3 Re5 31. Rc2 Kg7 32. Rbc1 Be3 33. Re1 g5 34.
Nb6 Re4 35. Nd5 Bd4 36. Rf1 Nd6 37. Nc3 Re5 38. Ne2 Nb5 39. Kg2 Kg6 40. Rd1 Re4
41. Nxd4 cxd4 42. Rdd2 Kf6 43. Rc8 h5 44. Rf8+ Ke6 45. Rg8 g4 46. Rh8 Nd6 47.
Rh6+ Ke5 48. Rxh5 Nc4 49. Rd3 Re2+ 50. Kf1 Rxb2 51. Rh8 Ke4 52. Rd1 Ne3+ 53.
Ke1 Ke5 0-1

[Event "V Festival A"]
[Site "Roseto degli Abruzzi ITA"]
[Date "2014.01.04"]
[Round "3"]
[White "Bentivegna, Francesco"]
[Black "Patelli, Alessandro"]
[WhiteElo "2302"]
[BlackElo "2186"]
[Result "0-1"]
[PlyCount "70"]
[EventDate "2014.01.03"]

1. e4 c5 2. Nc3 Nc6 3. Bb5 Nd4 4. Ba4 a6 5. Bb3 e6 6. Nf3 b5 7. Nxd4 cxd4 8.
Ne2 Bb7 9. d3 Bc5 10. O-O Nf6 11. c3 dxc3 12. bxc3 O-O 13. d4 Be7 14. f3 Rc8
15. Qd3 d5 16. e5 Nd7 17. Bc2 g6 18. f4 f5 19. exf6 Nxf6 20. Bd2 Ne4 21. Be1
Qb6 22. Rb1 Qc6 23. Qh3 b4 24. Rf3 a5 25. Re3 Ba6 26. Bxe4 dxe4 27. cxb4 axb4
28. Bh4 Bxh4 29. Qxh4 Qd6 30. Rd1 Rc2 31. Qe1 Bd3 32. Nc1 Qxd4 33. Nxd3 exd3
34. Rdxd3 Qc5 35. Rd1 Rc3 0-1

[Event "V Festival A"]
[Site "Roseto degli Abruzzi ITA"]
[Date "2014.01.04"]
[Round "3"]
[White "Buiano, Fabio"]
[Black "Milchev, Nikolay"]
[WhiteElo "2034"]
[BlackElo "2457"]
[Result "1-0"]
[PlyCount "99"]
[EventDate "2014.01.03"]

1. e4 e5 2. Nf3 Nf6 3. Nxe5 d6 4. Nf3 Nxe4 5. Nc3 Nxc3 6. dxc3 Be7 7. Be3 Nc6
8. Qd2 Bg4 9. Be2 Qd7 10. O-O-O O-O-O 11. h3 Be6 12. Ng5 Kb8 13. Kb1 Bf6 14.
Nxe6 fxe6 15. g4 h6 16. h4 Rdf8 17. f4 Bd8 18. c4 e5 19. c5 exf4 20. Bxf4 d5
21. b4 a6 22. a4 Bf6 23. b5 Nd4 24. g5 Nxe2 25. Qxe2 Bxg5 26. Bxg5 hxg5 27.
hxg5 Rxh1 28. Rxh1 Re8 29. Qd3 Re4 30. b6 cxb6 31. cxb6 Rb4+ 32. Kc1 Rxb6 33.
Rh8+ Kc7 34. Qc3+ Rc6 35. Qa5+ b6 36. Qxa6 Kd6 37. Qd3 Rc4 38. Qg6+ Kc5 39. Rb8
Qc7 40. Rf8 Rxa4 41. Qe6 Re4 42. Qf5 Qe5 43. Rc8+ Kb4 44. Qf8+ Kb5 45. Qf1+ Kb4
46. c3+ Ka3 47. Ra8+ Kb3 48. Qb5+ Kxc3 49. Ra3+ Kd4 50. Rd3# 1-0

[Event "V Festival A"]
[Site "Roseto degli Abruzzi ITA"]
[Date "2014.01.04"]
[Round "3"]
[White "Gilevych, Artem"]
[Black "Forlano, Luigi"]
[WhiteElo "2353"]
[BlackElo "1945"]
[Result "1-0"]
[PlyCount "87"]
[EventDate "2014.01.03"]

1. d4 d5 2. Nf3 c6 3. c4 a6 4. Nbd2 Bf5 5. g3 e6 6. Bg2 b5 7. b3 Nf6 8. Bb2 Be7
9. O-O Ne4 10. Ne5 Nxd2 11. Qxd2 O-O 12. Rac1 f6 13. Nxc6 Nxc6 14. cxd5 Bb4 15.
Qd1 exd5 16. Rxc6 Qd7 17. Rc1 Rac8 18. a3 Be7 19. Qd2 Bh3 20. Bxh3 Qxh3 21.
Rxc8 Rxc8 22. Rc1 Qe6 23. Rxc8+ Qxc8 24. Qd3 Qc6 25. Kg2 g6 26. Kf1 Kf7 27. Ke1
f5 28. Qc3 Qxc3+ 29. Bxc3 g5 30. Bb4 Bd8 31. h3 h5 32. Bd6 Ke6 33. Be5 Be7 34.
a4 Bb4+ 35. Kd1 f4 36. gxf4 g4 37. hxg4 hxg4 38. e3 Kf5 39. Ke2 Ke4 40. Kf1 Kd3
41. axb5 axb5 42. f5 Kc2 43. Bg7 Kxb3 44. f6 1-0

[Event "V Festival A"]
[Site "Roseto degli Abruzzi ITA"]
[Date "2014.01.04"]
[Round "3"]
[White "Lateana, Domenico"]
[Black "Pescatore, Lorenzo"]
[WhiteElo "1966"]
[BlackElo "2238"]
[Result "1/2-1/2"]
[PlyCount "104"]
[EventDate "2014.01.03"]

1. c4 e5 2. Nc3 Bb4 3. Qc2 Ne7 4. a3 Bxc3 5. Qxc3 d6 6. g3 Nbc6 7. Bg2 a5 8.
Nf3 O-O 9. O-O f5 10. d4 e4 11. Ng5 d5 12. f3 h6 13. Nh3 Be6 14. Nf4 Bf7 15.
fxe4 fxe4 16. c5 g5 17. Nh3 Qd7 18. Be3 Be6 19. Nf2 Nf5 20. b3 Qg7 21. Rad1 h5
22. Nh3 Nxe3 23. Qxe3 Bxh3 24. Bxh3 Rxf1+ 25. Bxf1 b6 26. cxb6 cxb6 27. Bh3 g4
28. Bg2 Qf6 29. h3 Rc8 30. Kh2 Rf8 31. Rf1 Qg7 32. Rxf8+ Kxf8 33. Qf4+ Kg8 34.
e3 gxh3 35. Bxh3 Ne7 36. Be6+ Kh8 37. Bf7 Ng6 38. Qf5 Nf8 39. Qxh5+ Nh7 40.
Bxd5 Qf6 41. Kg2 Kg7 42. Bxe4 Ng5 43. Qg4 Qe7 44. Bf3 Qxe3 45. Qf4 Qxf4 46.
gxf4 Ne6 47. d5 Nxf4+ 48. Kf2 Kf6 49. Ke3 Ke5 50. d6 Ne6 51. d7 Kd6 52. Bg4
Kxd7 1/2-1/2

[Event "V Festival A"]
[Site "Roseto degli Abruzzi ITA"]
[Date "2014.01.04"]
[Round "3"]
[White "Paolillo, Gaia"]
[Black "Gueci, Tea"]
[WhiteElo "1883"]
[BlackElo "2062"]
[Result "0-1"]
[PlyCount "76"]
[EventDate "2014.01.03"]

1. e4 g6 2. d4 Bg7 3. Nf3 d6 4. Nc3 Nf6 5. Be2 O-O 6. O-O c6 7. h3 Qc7 8. Be3
e5 9. dxe5 dxe5 10. Qc1 b5 11. a3 Bb7 12. Bc5 Rd8 13. Rd1 Na6 14. Qe3 Nxc5 15.
Qxc5 Nd7 16. Qe3 a6 17. Rd2 Nf8 18. Rad1 Ne6 19. Rxd8+ Rxd8 20. Rxd8+ Qxd8 21.
Qd2 Nd4 22. Kf1 Qe7 23. a4 Qb4 24. b3 Qa3 25. axb5 axb5 26. Bd1 Ba6 27. Nxd4
exd4 28. Ne2 c5 29. Qg5 Qa5 30. Qf4 Qb6 31. f3 c4 32. e5 d3 33. cxd3 cxd3 34.
Nc1 b4 35. Qe4 d2+ 36. Ne2 Qc5 37. f4 Qc1 38. Qc2 Bd3 0-1

[Event "V Festival A"]
[Site "Roseto degli Abruzzi ITA"]
[Date "2014.01.04"]
[Round "3"]
[White "Sibilio, Mario"]
[Black "Calavalle, Giulio"]
[WhiteElo "2327"]
[BlackElo "2215"]
[Result "1-0"]
[PlyCount "69"]
[EventDate "2014.01.03"]

1. Nf3 d5 2. d4 Nf6 3. c4 e6 4. Nc3 Nbd7 5. Bg5 h6 6. Bh4 c6 7. e3 Qa5 8. cxd5
exd5 9. Bd3 Be7 10. O-O b5 11. Rc1 Qd8 12. e4 dxe4 13. Nxe4 O-O 14. Re1 Bb7 15.
Bxf6 Nxf6 16. Nc5 Bxc5 17. Rxc5 Nd7 18. Rc1 Re8 19. Rxe8+ Qxe8 20. Qd2 a6 21.
Qf4 Rc8 22. Re1 Qd8 23. Bf5 g6 24. Bxd7 Qxd7 25. Qxh6 Re8 26. Rxe8+ Qxe8 27.
Qe3 Qd7 28. Qe5 Qd8 29. Ng5 Bc8 30. Ne4 Bf5 31. Nf6+ Kg7 32. Ne8+ Kf8 33. Nd6
f6 34. Qc5 Qe7 35. Nxf5 1-0

[Event "V Festival A"]
[Site "Roseto degli Abruzzi ITA"]
[Date "2014.01.04"]
[Round "3"]
[White "Viviani, Alessio"]
[Black "Sbraccia, Giovanni"]
[WhiteElo "2112"]
[BlackElo "2029"]
[Result "1-0"]
[PlyCount "87"]
[EventDate "2014.01.03"]

1. d4 Nf6 2. c4 c5 3. d5 b5 4. cxb5 a6 5. b6 g6 6. Nc3 d6 7. e4 Nbd7 8. Nf3 Bg7
9. Be2 O-O 10. Bf4 Qxb6 11. Qc2 Rb8 12. Rb1 Ng4 13. Nd2 Nge5 14. Bg5 f6 15. Be3
Qc7 16. f4 Nf7 17. h4 Nb6 18. h5 f5 19. hxg6 hxg6 20. g4 fxg4 21. Nf1 Qb7 22.
Ng3 e5 23. f5 Nh8 24. Bxg4 gxf5 25. Bxf5 Bxf5 26. Nxf5 Rxf5 27. exf5 Nxd5 28.
Nxd5 Qxd5 29. Rg1 Kf8 30. Rd1 Qf3 31. Bxc5 Nf7 32. Rxd6 Nxd6 33. Bxd6+ Ke8 34.
Bxb8 Qe3+ 35. Kf1 Qf3+ 36. Qf2 Qd1+ 37. Kg2 Qg4+ 38. Qg3 Qe2+ 39. Kh3 Qh5+ 40.
Qh4 Qxf5+ 41. Kh2 Bf8 42. Qa4+ Kf7 43. Qc4+ Ke7 44. Qc7+ 1-0

[Event "V Festival A"]
[Site "Roseto degli Abruzzi ITA"]
[Date "2014.01.05"]
[Round "4"]
[White "Baltzopoulos, Giorgos"]
[Black "Bentivegna, Francesco"]
[WhiteElo "1977"]
[BlackElo "2302"]
[Result "0-1"]
[PlyCount "92"]
[EventDate "2014.01.03"]

1. d4 d5 2. c4 e5 3. dxe5 d4 4. Nf3 Nc6 5. a3 a5 6. g3 Nge7 7. b3 Ng6 8. Bb2
Bc5 9. Nbd2 Ngxe5 10. Bg2 O-O 11. O-O Qe7 12. Nxe5 Nxe5 13. Ne4 Ba7 14. Qd2 a4
15. Qb4 c5 16. Qxa4 Qc7 17. b4 Nxc4 18. Bc1 Nb6 19. Qa5 cxb4 20. Bf4 Qc2 21.
axb4 Be6 22. Qh5 Nd5 23. Be5 f6 24. Rxa7 Rxa7 25. Bxd4 g6 26. Qh6 b6 27. e3 Rd7
28. Ra1 Bf5 29. Ng5 Qc7 30. e4 Nc3 31. exf5 Ne2+ 32. Kh1 Nxd4 33. Ne6 Nxe6 34.
fxe6 Re7 35. Qe3 Rd8 36. b5 Qe5 37. Re1 Qxe3 38. fxe3 Rxe6 39. Bc6 Kf8 40. e4
Rd2 41. Ra1 Red6 42. Ra8+ Kg7 43. Rb8 Rb2 44. Bd5 f5 45. Rb7+ Kh6 46. Re7 fxe4
0-1

[Event "V Festival A"]
[Site "Roseto degli Abruzzi ITA"]
[Date "2014.01.05"]
[Round "4"]
[White "Baroni, Alessandro"]
[Black "Lodici, Lorenzo"]
[WhiteElo "1964"]
[BlackElo "2097"]
[Result "0-1"]
[PlyCount "88"]
[EventDate "2014.01.03"]

1. e4 c5 2. c3 d5 3. exd5 Qxd5 4. d4 Nc6 5. Nf3 Bf5 6. Be2 cxd4 7. cxd4 Bxb1 8.
Rxb1 Qxa2 9. Be3 e6 10. O-O Bd6 11. Ne5 Qa5 12. Nc4 Qc7 13. Nxd6+ Qxd6 14. Qb3
b6 15. d5 exd5 16. Bb5 Nge7 17. Bf4 Qxf4 18. Bxc6+ Nxc6 19. Rfe1+ Ne5 20. Qxd5
O-O 21. Rxe5 Rac8 22. Rbe1 Rc5 23. Qe4 Rxe5 24. Qxe5 Qxe5 25. Rxe5 Rc8 26. g3
Kf8 27. Re2 f6 28. f4 Kf7 29. Kf2 a5 30. f5 Rc5 31. g4 h5 32. h3 hxg4 33. hxg4
g6 34. fxg6+ Kxg6 35. Kf3 Rb5 36. Rg2 Kg5 37. Ke4 Rb4+ 38. Kd5 Rxg4 39. Rf2 f5
40. Ke5 Re4+ 41. Kd5 Rb4 42. Rg2+ Kf4 43. Rf2+ Kg4 44. Ke5 f4 0-1

[Event "V Festival A"]
[Site "Roseto degli Abruzzi ITA"]
[Date "2014.01.05"]
[Round "4"]
[White "Calavalle, Giulio"]
[Black "Lateana, Domenico"]
[WhiteElo "2215"]
[BlackElo "1966"]
[Result "1-0"]
[PlyCount "61"]
[EventDate "2014.01.03"]

1. e4 e5 2. Nf3 Nc6 3. Bc4 Bc5 4. O-O Nf6 5. Nc3 d6 6. d3 Bg4 7. Be3 Nd4 8.
Bxd4 Bxd4 9. h3 Bh5 10. Qe2 c6 11. Nd1 O-O 12. g4 d5 13. Bb3 Bg6 14. Nxd4 exd4
15. f4 h6 16. e5 Ne8 17. f5 Bh7 18. Qf2 c5 19. c3 dxc3 20. Nxc3 d4 21. Ne4 b6
22. Rae1 Kh8 23. Qg3 Qc7 24. g5 Qc6 25. h4 b5 26. Bd1 Nc7 27. Bf3 Qb6 28. Nd6
Rad8 29. Bh5 Rxd6 30. exd6 Nd5 31. gxh6 1-0

[Event "V Festival A"]
[Site "Roseto degli Abruzzi ITA"]
[Date "2014.01.05"]
[Round "4"]
[White "Gilevych, Artem"]
[Black "Buiano, Fabio"]
[WhiteElo "2353"]
[BlackElo "2034"]
[Result "1-0"]
[PlyCount "81"]
[EventDate "2014.01.03"]

1. d4 Nf6 2. Nf3 e6 3. c4 Nc6 4. a3 Be7 5. Nc3 d6 6. e4 O-O 7. Be2 e5 8. d5 Nb8
9. O-O Bg4 10. Ne1 Bxe2 11. Qxe2 a5 12. Nd3 Nbd7 13. Be3 Ne8 14. f3 Bg5 15. Bf2
g6 16. c5 f5 17. b4 Ndf6 18. c6 b6 19. exf5 gxf5 20. f4 exf4 21. Qe6+ Rf7 22.
Qxf5 Nh5 23. Qg4 Nhg7 24. Rae1 h5 25. Qd1 axb4 26. axb4 Nf6 27. Bd4 Ng4 28. h3
Ne3 29. Bxe3 fxe3 30. Rxf7 Kxf7 31. Ne4 Kg8 32. Qf3 Ra2 33. Nf4 Qe7 34. Nxh5
Nxh5 35. Qxh5 Rxg2+ 36. Kxg2 Qxe4+ 37. Qf3 Qxb4 38. Rf1 Qb2+ 39. Kh1 Qg7 40.
Rg1 Qh6 41. Qxe3 1-0

[Event "V Festival A"]
[Site "Roseto degli Abruzzi ITA"]
[Date "2014.01.05"]
[Round "4"]
[White "Gueci, Tea"]
[Black "Chiarion, Elisa"]
[WhiteElo "2062"]
[BlackElo "1950"]
[Result "1-0"]
[PlyCount "111"]
[EventDate "2014.01.03"]

1. e4 c5 2. Nf3 d6 3. d4 cxd4 4. Nxd4 Nf6 5. Nc3 g6 6. Be3 Bg7 7. f3 O-O 8. Bc4
Nc6 9. Bb3 Bd7 10. h4 h5 11. Qd2 Qc7 12. O-O-O Rfc8 13. Kb1 Na5 14. Nd5 Nxd5
15. Bxd5 Nc4 16. Bxc4 Qxc4 17. Rdg1 e5 18. Ne2 Be6 19. Nc3 b5 20. g4 b4 21. Nd5
hxg4 22. b3 Qa6 23. Ne7+ Kf8 24. Nxc8 Rxc8 25. Qxb4 Qe2 26. Qxd6+ Kg8 27. Qd2
Qxf3 28. Qd3 g3 29. Bxa7 Rc3 30. Qd2 Bf8 31. Bb8 Rc8 32. Bxe5 Qxe4 33. Re1 Qg4
34. Rhg1 Bf5 35. Rc1 Qe4 36. Bxg3 Ba3 37. Bf2 Qc6 38. Bd4 Bxc1 39. Rxc1 Qe4 40.
Bf6 Kh7 41. Qh2 Qe6 42. Bb2 Qe4 43. Qe5 Qxe5 44. Bxe5 Kh6 45. Kb2 Rc6 46. c4
Be4 47. b4 Kh5 48. Bg3 Kg4 49. Be1 f5 50. b5 Rc8 51. c5 f4 52. c6 f3 53. Rc4
Kf5 54. Rc5+ Kf4 55. Bf2 Rc7 56. a4 1-0

[Event "V Festival A"]
[Site "Roseto degli Abruzzi ITA"]
[Date "2014.01.05"]
[Round "4"]
[White "Marholev, Dimitar"]
[Black "Sibilio, Mario"]
[WhiteElo "2321"]
[BlackElo "2327"]
[Result "1-0"]
[PlyCount "77"]
[EventDate "2014.01.03"]

1. e4 d6 2. d4 Nf6 3. Nc3 g6 4. Be2 Bg7 5. h4 h5 6. Nf3 Bg4 7. Ng5 Bxe2 8. Qxe2
Nc6 9. Be3 Ng4 10. O-O-O e6 11. d5 Nxe3 12. Qxe3 exd5 13. exd5+ Ne7 14. Rhe1
Qd7 15. Re2 Kf8 16. Rde1 Ng8 17. Qf3 Nf6 18. Re7 Qxe7 19. Rxe7 Kxe7 20. Qe2+
Kd7 21. Nxf7 Rhe8 22. Qb5+ Ke7 23. Ng5 Bh6 24. Qxb7 Nd7 25. Qxc7 Rec8 26. Qb7
Rab8 27. Qxa7 Rc5 28. Qa6 Rb4 29. Qe2+ Ne5 30. g3 Bxg5+ 31. hxg5 Kd8 32. f4 Nd7
33. Qe6 h4 34. gxh4 Rxf4 35. Qxd6 Rxh4 36. Qxg6 Rh1+ 37. Kd2 Rh2+ 38. Ke3 Rc4
39. Qg8+ 1-0

[Event "V Festival A"]
[Site "Roseto degli Abruzzi ITA"]
[Date "2014.01.05"]
[Round "4"]
[White "Patelli, Alessandro"]
[Black "Viviani, Alessio"]
[WhiteElo "2186"]
[BlackElo "2112"]
[Result "1-0"]
[PlyCount "73"]
[EventDate "2014.01.03"]

1. d4 f5 2. g3 Nf6 3. Bg2 e6 4. Nf3 Bb4+ 5. c3 Ba5 6. O-O O-O 7. a4 a6 8. b4
Bb6 9. a5 Ba7 10. c4 d6 11. Nc3 Qe8 12. Qb3 e5 13. e3 e4 14. Nd2 c5 15. dxc5
dxc5 16. Nd5 Nxd5 17. cxd5 cxb4 18. Qxb4 Nd7 19. Bb2 Nf6 20. d6 Nd5 21. Qb3 Be6
22. Qa3 Rc8 23. Rfc1 Qb5 24. Bf1 Qd7 25. Be5 Nf6 26. Nc4 Ng4 27. Bf4 Bc5 28.
Qb2 Bxc4 29. Rxc4 Qe6 30. Rac1 Qd5 31. Qc2 g5 32. Bxg5 Ne5 33. Rxc5 Rxc5 34.
Qxc5 Nf3+ 35. Kg2 Qxc5 36. Rxc5 Nxg5 37. d7 1-0

[Event "V Festival A"]
[Site "Roseto degli Abruzzi ITA"]
[Date "2014.01.05"]
[Round "4"]
[White "Pescatore, Lorenzo"]
[Black "Cafaro, Luca"]
[WhiteElo "2238"]
[BlackElo "1975"]
[Result "1/2-1/2"]
[PlyCount "47"]
[EventDate "2014.01.03"]

1. e4 e5 2. Nf3 Nc6 3. Bc4 Nf6 4. d4 exd4 5. e5 d5 6. Bb5 Ne4 7. Nxd4 Bd7 8.
Bxc6 bxc6 9. O-O Bc5 10. f3 Ng5 11. f4 Ne4 12. Be3 Bb6 13. Nc3 Nxc3 14. bxc3 c5
15. Nb3 c4 16. Nd4 c5 17. Nf3 Bf5 18. Rf2 Qd7 19. a4 a6 20. Rd2 Rd8 21. a5 Ba7
22. Qe1 O-O 23. Qf2 Qc6 24. Rdd1 1/2-1/2

[Event "V Festival A"]
[Site "Roseto degli Abruzzi ITA"]
[Date "2014.01.05"]
[Round "5"]
[White "Bentivegna, Francesco"]
[Black "Gueci, Tea"]
[WhiteElo "2302"]
[BlackElo "2062"]
[Result "1/2-1/2"]
[PlyCount "65"]
[EventDate "2014.01.03"]

1. f4 g6 2. Nf3 Bg7 3. g3 c5 4. Bg2 Nf6 5. d3 d5 6. O-O O-O 7. e3 Nc6 8. a4 Re8
9. Ne5 Qc7 10. Nxc6 Qxc6 11. Nc3 Bg4 12. Qe1 Qd7 13. e4 d4 14. Nd1 Bh3 15. Qe2
e5 16. f5 Bg4 17. Bf3 gxf5 18. Bxg4 fxg4 19. Rf5 Re6 20. Nf2 h5 21. b3 Rc8 22.
Bg5 Nh7 23. Bd2 Nf6 24. Rf1 Rf8 25. Nd1 b6 26. Nb2 Qc7 27. Qf2 Qd7 28. Nc4 Qe8
29. Bg5 Nh7 30. Bd2 f6 31. Qe2 Qg6 32. R1f2 Bh6 33. Kg2 1/2-1/2

[Event "V Festival A"]
[Site "Roseto degli Abruzzi ITA"]
[Date "2014.01.05"]
[Round "5"]
[White "Buiano, Fabio"]
[Black "Scalcione, Michelangelo"]
[WhiteElo "2034"]
[BlackElo "2335"]
[Result "0-1"]
[PlyCount "44"]
[EventDate "2014.01.03"]

1. e4 d6 2. d4 Nf6 3. Nc3 e5 4. dxe5 dxe5 5. Qxd8+ Kxd8 6. Bg5 Be6 7. f4 exf4
8. O-O-O+ Nbd7 9. Nf3 Kc8 10. Bxf4 Bb4 11. Nd5 Bxd5 12. exd5 Bd6 13. Bxd6 cxd6
14. Bd3 Kc7 15. c4 Rhe8 16. Nd4 a6 17. Nf5 g6 18. Ng3 Ng4 19. Rde1 Nf2 20. Kd2
Nxh1 21. Rxh1 Ne5 22. Ne4 Nxc4+ 0-1

[Event "V Festival A"]
[Site "Roseto degli Abruzzi ITA"]
[Date "2014.01.05"]
[Round "5"]
[White "Cafaro, Luca"]
[Black "Marvulli, Dario"]
[WhiteElo "1975"]
[BlackElo "1884"]
[Result "1-0"]
[PlyCount "53"]
[EventDate "2014.01.03"]

1. e4 e5 2. Nf3 Nc6 3. Bc4 Nf6 4. d3 Bc5 5. c3 O-O 6. O-O d6 7. Bg5 Be6 8. Bb5
h6 9. Bh4 Bg4 10. h3 Bh5 11. Nbd2 a6 12. Bxc6 bxc6 13. d4 exd4 14. cxd4 Bb4 15.
g4 g5 16. gxh5 gxh4 17. Kh2 Kh8 18. a3 Bxd2 19. Qxd2 Kh7 20. Qf4 d5 21. e5 Ne4
22. Rg1 Qd7 23. Nxh4 Ng5 24. Nf5 f6 25. e6 Qxe6 26. Rae1 Qg8 27. h4 1-0

[Event "V Festival A"]
[Site "Roseto degli Abruzzi ITA"]
[Date "2014.01.05"]
[Round "5"]
[White "Lodici, Lorenzo"]
[Black "Calavalle, Giulio"]
[WhiteElo "2097"]
[BlackElo "2215"]
[Result "1-0"]
[PlyCount "85"]
[EventDate "2014.01.03"]

1. d4 d6 2. Nf3 g6 3. e4 Bg7 4. Bc4 c5 5. c3 cxd4 6. cxd4 Nf6 7. Nc3 O-O 8. O-O
Nc6 9. Be3 b6 10. Qd2 Bb7 11. d5 Na5 12. Be2 Rc8 13. Nd4 Nc4 14. Bxc4 Rxc4 15.
f3 Qd7 16. Rac1 Rfc8 17. b3 R4c5 18. a4 Ba6 19. Rfd1 Ne8 20. b4 R5c7 21. Nc6
Bxc3 22. Rxc3 b5 23. Qd3 Rxc6 24. dxc6 Rxc6 25. Rxc6 Qxc6 26. a5 Qc4 27. Qd2
Bb7 28. Rc1 Qe6 29. Bxa7 f5 30. exf5 Qxf5 31. Qa2+ Bd5 32. Qe2 Qd7 33. Bb6 e5
34. a6 Nf6 35. Rc7 Qf5 36. Qc2 e4 37. a7 Qe5 38. Rc8+ Kg7 39. Qc3 Qf5 40. a8=Q
Bxa8 41. Rxa8 exf3 42. Qxf3 Qb1+ 43. Qf1 1-0